| 000 | 00504nam a2200205Ia 4500 | ||
|---|---|---|---|
| 003 | OSt | ||
| 005 | 20230519052748.0 | ||
| 008 | 210423s2001 xx 000 0 und d | ||
| 040 | _cAL | ||
| 041 | _aeng | ||
| 082 |
_a331 _223 _bMISE |
||
| 100 |
_aMISHRA (L) _9109211 |
||
| 245 | _aEconomy and labour | ||
| 260 |
_aNew Delhi _bManak Publications _c2001 |
||
| 365 |
_b545 _cINR |
||
| 650 |
_aEconomics _9109212 |
||
| 650 |
_aLabour Economics _9109213 |
||
| 906 | _aEconomy ; labour | ||
| 942 |
_2ddc _cBK |
||
| 999 |
_c172494 _d172494 |
||